00481nam a2200193 a 4500001001300000003000900013005001700022008004100039020001000080082001800090100002100108245002400129260003300153300000900186500003500195505001000230650002600240700002100266nice12345678IN_TiNIC20260116011507.0050524s1864 alia grp 000 0 per  ac10000a954.0256bHAD aHadi, M Muhammad aToozak-I-Jahangeeri aAligarhbPrivate Pressc1864 a426p aincludes index and biblioraphy2 aIndex aMughal India-Jahangir1 aHadi, M Muhammad